000
00238 a2200097 4500
001
90853
082
_a
297.18 IMT
090
_c
43025
_d
43025
100
_a
Imtiaz Ahmad
245
_a
Shaid k tere Dil main Utar Jaye Meri Baat
_c
Imtiaz Ahmad
942
_a
CAE NUST
_k
297.18 IMT
999
_c
325926
_d
325926